<?xml version="1.0" encoding="UTF-8"?>
<marc:record xmlns:marc="http://www.loc.gov/MARC21/slim">
   <marc:leader>00000nam a2200000 a 4500</marc:leader>
   <marc:datafield ind1="1" ind2=" " tag="100">
      <marc:subfield code="a">Knapp, Brigitte</marc:subfield>
      <marc:subfield code="4">aut</marc:subfield>
      <marc:subfield code="e">Verfasser/-in</marc:subfield>
   </marc:datafield>
   <marc:datafield ind1="0" ind2="0" tag="245">
      <marc:subfield code="a">Aurora</marc:subfield>
   </marc:datafield>
   <marc:datafield ind1="0" ind2="0" tag="245">
      <marc:subfield code="b">Erzählungen</marc:subfield>
   </marc:datafield>
   <marc:datafield ind1="0" ind2="0" tag="245">
      <marc:subfield code="c">Brigitte Knapp</marc:subfield>
   </marc:datafield>
   <marc:datafield ind1=" " ind2="1" tag="264">
      <marc:subfield code="a">Innsbruck</marc:subfield>
      <marc:subfield code="b">laurin</marc:subfield>
      <marc:subfield code="c">2015</marc:subfield>
   </marc:datafield>
   <marc:datafield ind1=" " ind2=" " tag="250">
      <marc:subfield code="a">1. Auflage</marc:subfield>
   </marc:datafield>
   <marc:datafield ind1="1" ind2=" " tag="520">
      <marc:subfield code="a">Angaben aus der Verlagsmeldung

Aurora : Erzählungen / von Brigitte Knapp

Aurora – Sonnenaufgang vereinigt zehn Erzählungen, deren Figuren auf Veränderungen zusteuern, auf die Probe, in Frage gestellt werden. Momentaufnahmen im wahrsten Sinn des Wortes: Brigitte Knapp beschreibt wenige Tage, Stunden, gar nur Minuten aus dem Leben ihrer Charaktere. So sammelt der Traumfänger seine Träume, indem er Bilder aus Zeitschriften ausschneidet, in Alben klebt und beschriftet. Nur samstags unternimmt er besondere Ausflüge mit einer blinden Frau. Die Figuren Brigitte Knapps Erzählungen folgen ihren Lebenswegen mit nüchterner Melancholie. Es sind Texte von der Komik und Tragik des Alltags und der Ambivalenz des Daseins. Texte aus einem Atemzug. Texte zum Weitererzählen, zum Teilen mit sich und der Welt.
</marc:subfield>
   </marc:datafield>
   <marc:datafield ind1=" " ind2=" " tag="020">
      <marc:subfield code="a">9783902866318</marc:subfield>
      <marc:subfield code="9">9783902866318</marc:subfield>
   </marc:datafield>
   <marc:datafield ind1=" " ind2=" " tag="041">
      <marc:subfield code="a">ger</marc:subfield>
   </marc:datafield>
   <marc:datafield ind1=" " ind2=" " tag="300">
      <marc:subfield code="a">128 Seiten</marc:subfield>
   </marc:datafield>
</marc:record>
